Normal view
MARC view
Entry Personal Name
001 - CONTROL NUMBER
- control field: 41403
003 - CONTROL NUMBER IDENTIFIER
- control field: dpl
005 - DATE AND TIME OF LATEST TRANSACTION
- control field: 20120209165430.0
008 - FIXED-LENGTH DATA ELEMENTS
- fixed length control field: 120209|||a|||||| | ||| d
040 ## - CATALOGING SOURCE
- Original cataloging agency: dpl
- Transcribing agency: dpl
100 ## - HEADING--PERSONAL NAME
- Personal name: कृष्णस्वामी, उमा
670 ## - SOURCE DATA FOUND
- Source citation: Work cat.: (dpl)62251: कृष्णस्वामी, उमा, रास्ता छोड़ो! रास्ता छोड़ो! /, 2010
670 ## - SOURCE DATA FOUND
- Source citation: Work cat.: (dpl)62251: कृष्णस्वामी, उमा, रास्ता छोड़ो! रास्ता छोड़ो! /, 2010
